Dopisy Mileně

Bibliographic Details
Main Author: Kafka, Franz, 1883-1924 (Author)
Format: Book
Language:Undetermined
PhysicalDescription:79 s.
Published: Praha Dilia 1967

MARC

LEADER 00000nam a2200000 a 4500
001 vtls001274088
003 SK-MaSNL
005 20260301155122.0
008 240318s1967 xx 0 und
035 |a SNK000225266 
040 |a SNK  |b slo  |c SNK  |e AACR2 
100 1 |a Kafka, Franz,  |d 1883-1924  |4 aut  |9 222448 
245 1 0 |a Dopisy Mileně 
260 |a Praha  |b Dilia  |c 1967 
300 |a 79 s. 
958 |a OND 
999 |c 799564  |d 801494 
952 |t P60, <04>, [BOOK], {604}  |a SNK  |b SNK  |y VYP  |7 0  |p 17A0034926  |o snkID 44635  |0 0  |1 0  |4 0  |d 1997-01-30  |l 0  |r 2005-01-02 00:00:00  |w 2026-02-24